Fossilpokémon - Statistiken

Allgemein
  • Dieses Quiz wurde 9 mal gespielt
  • Das Durchschnittsergebnis liegt bei 18 aus 25
Antwortstatistiken
Antwort % Korrekt
Aerodactyl
100%
Amonitas
100%
Kabuto
100%
Kabutops
100%
Koknodon
100%
Amoroso
86%
Anorith
86%
Bollterus
86%
Liliep
86%
Rameidon
86%
Schilterus
86%
Wielie
86%
Armaldo
71%
Balgoras
71%
Flapteryx
71%
Galapaflos
71%
Karippas
71%
Amagarga
57%
Amarino
57%
Monargoras
57%
Lecryodon
43%
Lectragon
43%
Pescragon
43%
Pescryodon
43%
Aeopteryx
0%
Keine übereinstimmenden Quizze gefunden
Verteilung der Resultate
Anzahl Personen mit jedem Resultat
Perzentil nach korrekt beantworteten Fragen
Ihre Resultats-Entwicklung
Sie haben dieses Quiz noch nicht gespielt